000 00897nam a2200217 a 4500
001 000022391
005 20240229073820.0
008 101007s2003 dr r 000 0 spa d
040 _aDO-SdBNP
_bspa
_cBNPHU
082 _a347.7293
_bS941d
100 1 _aSubero Isa, Jorge A.,
_d1947-
_976863
245 1 0 _aDiscurso del presidente de la Suprema Corte de Justicia, Dr. José A. Subero Isa :
_bdía del poder judicial 7 de enero de 2003 /
_cJorge A. Subero Isa.
260 _aSanto Domingo :
_bTaína,
_c2003.
300 _a78 p. ;
_c22 cm.
590 _aInventariado, 2018/BT
650 4 _aPoder judicial
_zRepública Dominicana
_xEnsayos, conferencias, etc.
_946172
651 4 _aAdministración De Justicia Penal
_xEnsayos, Conferencias, Etc.
_946173
650 4 _aAdministración de justicia
_zRepública Dominicana
_910274
650 4 _aDiscursos
_96584
910 _aValidado. Control de calidad. EMS
999 _c21889
_d21889